000 00296nam a2200121Ia 4500
008 190216s9999||||xx |||||||||||||| ||und||
100 _aBaidyanth Basu
245 3 _aAn Introduction To Astro Physics
260 _bPentice Hall Of India
_c2001
300 _a487p
650 _aPhysics
942 _cBK
999 _c33914
_d33914